Detalles MARC
| 000 -CABECERA |
| campo de control de longitud fija |
01040nam a2200229 a 4500 |
| 001 - NÚMERO DE CONTROL |
| campo de control |
000042158 |
| 005 - FECHA Y HORA DE LA ÚLTIMA TRANSACCIÓN |
| campo de control |
20240307173900.0 |
| 008 - DATOS DE LONGITUD FIJA--INFORMACIÓN GENERAL |
| campo de control de longitud fija |
131118s2013 dr c 000 0 spa d |
| 020 ## - NÚMERO INTERNACIONAL ESTÁNDAR DEL LIBRO |
| Número Internacional Estándar del Libro |
9789945165814 |
| 040 ## - FUENTE DE LA CATALOGACIÓN |
| Centro catalogador/agencia de origen |
DO-SdBNP |
| Lengua de catalogación |
spa |
| Centro/agencia transcriptor |
BNPHU |
| 082 ## - NÚMERO DE LA CLASIFICACIÓN DECIMAL DEWEY |
| Número de clasificación |
xxx |
| Número de documento/Ítem |
xxx |
| 100 1# - ENTRADA PRINCIPAL--NOMBRE DE PERSONA |
| Nombre de persona |
Romero, Carmen |
| 9 (RLIN) |
69160 |
| 245 13 - MENCIÓN DE TÍTULO |
| Título |
El gran poder del amor. / |
| Mención de responsabilidad, etc. |
Carmen Romero; presentación, Franklin Franco, Tirso Meía Ricart, César Mella. |
| 246 1# - FORMA VARIANTE DE TÍTULO |
| Título propio/Titulo breve |
El gran poder del amor |
| Resto del título |
Cuando la vida te cierra todas las ventanas Dios te abre una puerta. |
| 260 ## - PUBLICACIÓN, DISTRIBUCIÓN, ETC. |
| Lugar de publicación, distribución, etc. |
[Santo Domingo], : |
| Nombre del editor, distribuidor, etc. |
FUNDONAJCE, |
| Fecha de publicación, distribución, etc. |
2013. |
| 300 ## - DESCRIPCIÓN FÍSICA |
| Extensión |
157 p. : |
| Otras características físicas |
restr. ; |
| Dimensiones |
22 cm. |
| 500 ## - NOTA GENERAL |
| Nota general |
Incluye datos biografícos de la autora en la solapa de la portada |
| 700 1# - PUNTO DE ACCESO ADICIONAL--NOMBRE DE PERSONA |
| Nombre de persona |
Franco, Franklin |
| Término indicativo de función/relación |
pres. |
| Información miscelánea |
Historiador |
| 9 (RLIN) |
69161 |
| 700 1# - PUNTO DE ACCESO ADICIONAL--NOMBRE DE PERSONA |
| Nombre de persona |
Mejía-Ricart G., Tirso, |
| Fechas asociadas al nombre |
1936-2021 |
| Forma completa/desarrollada del nombre |
(Mejía-Ricart Guzmán) |
| Término indicativo de función/relación |
pres. |
| 9 (RLIN) |
1569 |
| 700 1# - PUNTO DE ACCESO ADICIONAL--NOMBRE DE PERSONA |
| Nombre de persona |
Mella Mejías, César |
| Fechas asociadas al nombre |
1950- |
| Término indicativo de función/relación |
pres. |
| 9 (RLIN) |
210 |
| 710 2# - PUNTO DE ACCESO ADICIONAL--NOMBRE DE ENTIDAD CORPORATIVA |
| Nombre de entidad corporativa o nombre de jurisdicción como elemento de entrada |
Fundación Dominicana de Padres & Madres con Niños/as, Adolescentes & Jovenes con Condiciones Especiales |
| 9 (RLIN) |
69164 |